Т. 20, № 6; Ракетная техника и космонавтика

Dades bibliogràfiques
Parent link:Ракетная техника и космонавтика: научный журнал/ Американский институт аэронавтики и астронавтики (АИАА). Т. 20, № 6.— , 1963-1982.— 0131-8209
Idioma:rus
Publicat: 1982
Format: MixedMaterials Llibre
KOHA link:https://koha.lib.tpu.ru/cgi-bin/koha/opac-detail.pl?biblionumber=510711

MARC

LEADER 00000nam2a2200000 4500
001 510711
005 20231101104149.0
035 |a (RuTPU)RU\TPU\prd\184209 
035 |a RU\TPU\prd\184207 
090 |a 510711 
100 |a 20130620b1982 k y0rusy50 ca 
101 0 |a rus 
102 |a RU 
200 0 |a Т. 20, № 6 
210 |d 1982 
461 1 |0 (RuTPU)RU\TPU\prd\1177  |x 0131-8209  |t Ракетная техника и космонавтика  |o научный журнал  |f Американский институт аэронавтики и астронавтики (АИАА)  |v Т. 20, № 6  |d 1963-1982 
801 0 |a RU  |b 63413507  |c 20010227  |g PSBO 
801 1 |a RU  |b 63413507  |c 20130619 
801 2 |a RU  |b 63413507  |c 20130620  |g RCR 
942 |c BK 
999 |a НТБ_ТПУ  |b НФ  |e -4/20130109  |p П-4613  |u 0,00  |v 1